000 00670nam a22001937a 4500
005 20260410112447.0
010 _aENG-148192
020 _c500.00
_a9789348685636
035 _aEN-131724
037 _bDBAD
082 _a262.52
_21
100 _aAmbrose, Merlin Rengith
_988853
245 _aReforming the Law Renewing the Church/
_cMerlin Rengith Ambrose
250 _a1
260 _bATC Publishers
_aBengaluru
_c2025
270 _aSt's Mary Block, Archdiocesan,Pastoral Center,#5, Nandidurga Road,Benson Town
_bBengaluru
_e560046
_k+918025491999
_k7090100444
_minfo@atcpublishers.com
300 _a345p.
_c21cm(pb)
942 _2ddc
_cEN
_h262.52
_mAMB
999 _c215846
_d215846